000
00325nam a2200133Ia 4500
008
191201s2013 xx 000 0 und d
082
_a
004.6
_b
FOD
100
_a
FOROUZAN, Behrouz A
245
0
_a
Data Communications and Networking
250
_a
Rep
260
_c
2013
_b
TMH
_a
NEW DELHI
300
_a
1226
942
_2
ddc
_c
BK
_0
5
999
_c
7887
_d
7887